000 00770nam a2200253Ia 4500
003 OSt
005 20220930065037.0
006 a|||||r|||| 00| 0
007 ta
008 220926b |||||||| |||| 00| 0 eng d
024 _a5032
037 _cTheses
040 _aCRL
_cCRL
_beng
041 _2eng
_aeng
100 _aJain Joti Lal
110 _aUniversity of Delhi. Faculty of Mathematical Sciences. Department of Mathematics
245 0 _aContributions to the theory of queues and dams
260 _c1971
650 _aMATHEMATICS
700 _a Dr. S N Sinha Gu.
_9525317
700 _aUniversity of Delhi. Faculty of Mathematical Sciences. Department of Mathematics
942 _cDIS
_2CC
999 _c858993
_d858993